banner koha

Viability of ovine spermatozoa collected from epididymides stored at 18°-25°C for 48 hours post mortem (Registro n. 301218)

MARC details
000 -LÍDER
fixed length control field 03839nab a2200325 i 4500
003 - CÓDIGO MARC DA AGÊNCIA CATALOGADORA
Campo de controle BR-BrBNA
005 - DATA E HORA DA ÚLTIMA ATUALIZAÇÃO
Campo de controle 20240913100401.0
008 - CAMPO DE TAMANHO FIXO
fixed length control field 240913b2018 bl.|r|pooa||| 00| 0 eng |
040 ## - FONTE DA CATALOGAÇÃO
Agência catalogadora BR-BrBNA
Idioma da catalogação eng
072 ## - CATEGORIA AGRIS
Código AGRIS L53
Código do objeto 5240
100 ## - ENTRADA PRINCIPAL - NOME PESSOAL
Nome pessoal Bergstein-Galan, T.G.
100 ## - ENTRADA PRINCIPAL - NOME PESSOAL
Nome pessoal Weiss, R.R.
100 ## - ENTRADA PRINCIPAL - NOME PESSOAL
Nome pessoal Barbosa, T.S.R.
100 ## - ENTRADA PRINCIPAL - NOME PESSOAL
Nome pessoal Kozicki, L.E.
100 ## - ENTRADA PRINCIPAL - NOME PESSOAL
Nome pessoal Bicudo, S.D.
245 ## - TÍTULO PRINCIPAL
Título principal Viability of ovine spermatozoa collected from epididymides stored at 18°-25°C for 48 hours post mortem
500 ## - NOTA GERAL
Nota geral <br/>Publicação online; 26 ref.; 2 tables; Summaries (En, Pt)
942 ## - ADDED ENTRY ELEMENTS (KOHA)
Koha item type Analítica
520 ## - NOTA DE RESUMO
Nota de conteúdo <br/><br/>ABSTRACT - The objectives of this study were to verify the time during which viable ovine spermatozoa could be recovered from the cauda epididymis kept at ambient temperature (18-25°C). Sperm collected in an artificial vagina (AV) were used as control. Spermatozoa samples were collected with an AV and from epididymis at 0 (G0), 6 (G6), 12 (G12), 24 (G24), and 48 (G48) hours post mortem. Total motility (TM), progressive motility (PM), hypo-osmotic membrane integrity test (HOST) and morphological changes were assessed. TM decreased (P<0.05) from 24 hours post mortem (70.0±1.9%) compared to AV (86.4±1.0%). PM decreased (P<0.05) from 12 hours after death (31.3±4.0%) compared to AV group (73.2±1.4%). The percentage of viable cells in HOST decreased (P<0.05) in the G48 (60.0±8.9%). Spermatozoa recovery was lower (P<0.05) 48 hours after death (2064.2±230.7 x 106 spermatozoa) compared to G0(2623.6±288.4 x 106 spermatozoa). In conclusion, under the conditions of this study, it would be possible to use epididymal spermatozoa recovered up to 24 hours after death for artificial insemination or in vitro fertilization; however, fertility trials are necessary to prove this hypothesis.<br/><br/><br/>Keywords: ram, epididymis, room temperature
520 ## - NOTA DE RESUMO
Nota de conteúdo <br/><br/>RESUMO - Os objetivos deste estudo foram avaliar o período pelo qual era possível recuperar espermatozoides ovinos viáveis da cauda de epidídimos mantidos em temperatura ambiente (18-25°C). O sêmen coletado em vagina artificial (AV) foi utilizado como controle. Os espermatozoides foram coletados dos epidídimos à zero hora (G0), às seis (G6), 12 (G12), 24 (G24) e 48 (G48) horas post mortem. A motilidade total (TM), a motilidade progressiva (PM), a integridade de membrana plasmática em solução hiposmótica (HOST) e a morfologia espermática foram avaliadas. A TM diminuiu (P<0,05) a partir de 24 horas após a morte (70,0±1,9%) comparado ao sêmen coletado em AV (86,4±1,0%). A PM diminuiu (P<0,05) a partir de 12 horas após a morte (31,3±4,0%) comparado ao grupo AV (73,2±1,4%). A porcentagem de espermatozoides viáveis no HOST diminuiu (P<0,05) no G48 (60,0±8,9%). A recuperação espermática foi menor (P<0,05) 48 horas após a morte (2064,2±498,1 x 106 espermatozoides) comparado ao G0 (2298,4±288,4 x 106 espermatozoides). Em conclusão, nas condições deste estudo, é possível utilizar espermatozoides epididimários recuperados até 24 horas após a morte para inseminação artificial ou fertilização in vitro, porém testes de fertilidade são necessários para comprovar essa hipótese.<br/><br/><br/>Palavras-chave: carneiro, epidídimo, temperatura ambiente
650 ## - ASSUNTO - THESAGRO
Cabeçalho tópico ou nome geográfico OVINO
650 ## - ASSUNTO - THESAGRO
Cabeçalho tópico ou nome geográfico REPRODUÇÃO ANIMAL
650 ## - ASSUNTO - THESAGRO
Cabeçalho tópico ou nome geográfico ESPERMATOZOIDE
650 ## - ASSUNTO - THESAGRO
Cabeçalho tópico ou nome geográfico INSEMINAÇÃO ARTIFICIAL
650 ## - ASSUNTO - THESAGRO
Cabeçalho tópico ou nome geográfico TESTÍCULO
650 ## - ASSUNTO - THESAGRO
Cabeçalho tópico ou nome geográfico MORTE SÚBITA
773 0# - ENTRADA ANALÍTICA
Host Biblionumber 1643
Registro do item 318020
Imprenta Belo Horizonte-MG Universidade Federal de Minas Gerais - Escola de Veterinaria 1983
Outro identificador 2024-4754
Título Arquivo Brasileiro de Medicina Veterinária e Zootecnia (Brazil)
ISSN 0102-0935
Colação v. 70(4) p. 1023-1028; (2018)
Número de controle de registro BR2024002435
856 ## - ACESSO E ENDEREÇO ELETRÔNICO
Identificador uniforme de recurso - URI https://www.scielo.br/j/abmvz/a/NnQPVdqBphrsxwW935YyRxK/?format=pdf&lang=en

Nenhum exemplar disponível.

BINAGRI

Telefone: (61)3218-2567/2388/3357/2097 - binagri@agro.gov.br

Ministério da Agricultura e Pecuária , Esplanada dos Ministérios, Bloco D, Anexo B, Brasília/DF, CEP: 70.043-900